000 00539nam a2200181 i 4500
001 23102
003 ES-MaACL
005 20240531102432.0
007 t|
008 021209s1977 sp ||||1| spa d
100 1 _aÁlvarez, Carlos,
_d1933-2022
_9142520
245 1 0 _aPoemas para un análisis y teoría del crimen /
_cCarlos Alvarez.
250 _a[1ª ed.].
260 _a[Barcelona :
_bVíctor Ponzanco,
_c1977]
300 _a115 p., 2 lám. ;
_c19 cm.
852 _aES-MaACL
_jA-6970
_bR.95915
999 _c23102
_d23102